LEADER 03708nam 2200601Ia 450 001 9910451748503321 005 20200520144314.0 010 $a3-8350-5588-7 024 7 $a10.1007/978-3-8350-5588-9 035 $a(CKB)1000000000491300 035 $a(EBL)747677 035 $a(OCoLC)288524225 035 $a(SSID)ssj0000630924 035 $a(PQKBManifestationID)11408405 035 $a(PQKBTitleCode)TC0000630924 035 $a(PQKBWorkID)10768538 035 $a(PQKB)11187003 035 $a(DE-He213)978-3-8350-5588-9 035 $a(MiAaPQ)EBC747677 035 $a(PPN)128127805 035 $a(Au-PeEL)EBL747677 035 $a(CaPaEBR)ebr10240732 035 $a(CaONFJC)MIL173439 035 $a(EXLCZ)991000000000491300 100 $a20080804d2008 uy 0 101 0 $aeng 135 $aurnn|008mamaa 181 $ctxt 182 $cc 183 $acr 200 10$aCooperative sourcing$b[electronic resource] $esimulation studies and empirical data on outsourcing coalitions in the banking industry /$fDaniel Beimborn 205 $a1st ed. 210 $aWiesbaden $cBetriebswirtschaftlicher Verlag Dr.Th. Gabler / GWV Fachverlage GmbH$dc2008 215 $a1 online resource (482 p.) 300 $aDescription based upon print version of record. 311 $a3-8350-0946-X 320 $aIncludes bibliographical references. 327 $aTheoretical Foundation and Related Research -- Cooperative Sourcing in the Banking Industry -- Developing a Formal Model for Cooperative Sourcing -- Analytical and Simulative Studies -- Conclusion. 330 $aMore and more banks are deciding to merge business activities like payment processing or loans administration by founding joint transaction banks or credit factories. But under which circumstances will banks decide to outsource certain activities? What are the relevant drivers and inhibitors? What is the role of externalities and how can stable coalitions be established? What are the resulting market structure effects of cooperative sourcing activities? Based on the integration of relevant economic and organizational theories, Daniel Beimborn develops a formal model of cooperative sourcing. The model captures the different drivers and inhibitors like economies of scale, scope and skill, transaction costs, strategic constraints etc. and forms the basis for both game-theoretical analyses and agent-based simulations. Simulations help to handle the numerical complexity and allow for compound analyses of the causes and effects of cooperative sourcing. Empirical data from two large-scale surveys and case studies in the German credit business are used in order to feed the simulation model and to validate the results. This book is essential reading for researchers and students in the fields of business and information systems. It is also of interest to executives in the area of information systems and outsourcing. Its originality, its attention to detail, its level of sophistication, its comprehensiveness, its coherence, and its richness makes this an excellent example of what the IS field needs far more of: applied research which ties together the best of what academics can offer with sound practical results. Prof. Dr. Dr. h. c. Rudy Hirschheim Baton Rouge, September 8, 2007. 606 $aBanks and banking 606 $aContracting out 608 $aElectronic books. 615 0$aBanks and banking. 615 0$aContracting out. 676 $a658.4058 700 $aBeimborn$b Daniel$0950832 801 0$bMiAaPQ 801 1$bMiAaPQ 801 2$bMiAaPQ 906 $aBOOK 912 $a9910451748503321 996 $aCooperative sourcing$92149690 997 $aUNINA LEADER 00956nam0-22003011i-450 001 990005375110403321 005 20221108154945.0 035 $a000537511 100 $a19990530d1948----km-y0itay50------ba 101 0 $ager 102 $aDE 105 $ay-------001yy 200 1 $a<>Slaven im Altertum$eeine kulturhistorische Abhandlung$fN. S. Derzavin$gaus dem Russischen ubertragen von Reinhold Winkler 210 $aWeimar$cHermann Böhlaus$d1948 215 $a286 p.$d23 cm 225 1 $aArbeiten aus dem Gebiet der Slavistik in Übersetzung$v1 610 0 $aSlavi$aStoria$aOrigini - Medioevo 676 $a939.5 676 $a947.000902 700 1$aDerzavin,$bNikolaj Sevast?janovi?$0208698 702 1$aWinkler,$bReinhold 801 0$aIT$bUNINA$gREICAT$2UNIMARC 901 $aBK 912 $a990005375110403321 952 $a947 DERN 01$bARCH. 12238$fFLFBC 959 $aFLFBC 996 $aSlaven im Altertum$9593887 997 $aUNINA LEADER 02671nam 2200517 450 001 9910793550303321 005 20230809232253.0 010 $a1-55844-335-5 010 $a1-55844-333-9 035 $a(CKB)4100000007925437 035 $a(MiAaPQ)EBC5212207 035 $a(EXLCZ)994100000007925437 100 $a20170411h20172017 uy| 0 101 0 $aeng 135 $aurcnu|||||||| 181 $2rdacontent 182 $2rdamedia 183 $2rdacarrier 200 10$aAfter great disasters $ean in-depth analysis of how six countries managed community recovery /$fLaurie A. Johnson and Robert B. Olshansky 210 1$aCambridge, MA :$cLincoln Institute of Land Policy,$d[2017] 210 4$d©2017 215 $a1 online resource (389 pages) $cillustrations (some color) 311 $a1-55844-331-2 320 $aIncludes bibliographical references and index. 327 $aIntroduction: evolving approaches to managing recovery from large-scale disasters -- China : top-down, fast-paced reconstruction -- New Zealand : centralizing governance and transforming cityscapes -- Japan : national land use regulations drive recovery -- India : state-managed recovery with NGO involvement -- Indonesia : centrally managed, community-driven approaches to reconstruction -- United States : an evolving national level recovery policy -- Conclusions and recommendations -- References -- Index -- About the authors -- About Lincoln Institute of land policy. 330 $a"Considers community recovery and reconstruction following major natural disasters in six countries (China, New Zealand, India, Indonesia, Japan, United States). Identifies ways communities and governments can better organize for recovery after future disasters. Chapters discuss improving construction and design standards, renewing infrastructure, creating new land use arrangements, reinventing economies, and improving the resilience of cities and regions"--$cProvided by publisher. 606 $aCrisis management$vCase studies 606 $aNatural disasters$vCase studies 606 $aHuman settlements$vCase studies 606 $aLand use$xPlanning$vCase studies 606 $aEconomic development$vCase studies 615 0$aCrisis management 615 0$aNatural disasters 615 0$aHuman settlements 615 0$aLand use$xPlanning 615 0$aEconomic development 676 $a363.34/8 700 $aJohnson$b Laurie A.$01549414 702 $aOlshansky$b Robert B. 801 0$bMiAaPQ 801 1$bMiAaPQ 801 2$bMiAaPQ 906 $aBOOK 912 $a9910793550303321 996 $aAfter great disasters$93807446 997 $aUNINA